01254nam a2200325 a 4500001001200000003000800012006001900020007001500039008004100054010001700095020001500112020002200127020001800149020001800167040002100185035002100206050002200227082001500249245011100264260005800375300001400433504006400447533015200511650002000663655002900683700002200712700005100734710001700785856012600802ebr10231273CaPaEBRm u cr cn|||||||||810828s1982 mnu sb s001 0 eng d z 81014698  z0816610444 z0816610479 (pbk.) z9780816610440 z9780816663705 aCaPaEBRcCaPaEBR a(OCoLC)23357817014aB843b.L55 1982eb04a144/.621904aThe Limits of utilitarianismh[electronic resource] /cedited by Harlan B. Miller and William H. Williams. aMinneapolis :bUniversity of Minnesota Press,cc1982. ax, 315 p. aIncludes bibliographical references (p. 255-299) and index. aElectronic reproduction.bPalo Alto, Calif. :cebrary,d2013.nAvailable via World Wide Web.nAccess may be limited to ebrary affiliated libraries. 0aUtilitarianism. 7aElectronic books.2local1 aMiller, Harlan B.1 aWilliams, William H.q(William Hatton),d1934-2 aebrary, Inc.40uhttp://site.ebrary.com/lib/rucke/Doc?id=10231273zAn electronic book accessible through the World Wide Web; click to view